000
00298nam a22001097a 4500
008
230629b xxu||||| |||| 00| 0 eng d
082
_a
338.9
_b
NUF 2005
245
_a
Regional Economic Outlook
_b
Sub-Saharan Africa
260
_b
International Monetary Fund
_c
2005
300
_a
VII,87p
942
_2
ddc
_c
BK
999
_c
3011
_d
3011